Online Catalogue and eLibrary

Women, Citizenship and Difference (Record no. 1499)

MARC details
000 -LEADER
fixed length control field 00426nam a2200169Ia 4500
005 - DATE AND TIME OF LATEST TRANSACTION
control field 20241217025109.0
008 - FIXED-LENGTH DATA ELEMENTS--GENERAL INFORMATION
fixed length control field 240331s9999 xx 000 0 und d
020 ## - INTERNATIONAL STANDARD BOOK NUMBER
ISBN 1856496465
082 ## - DDC Classification
Item Number - Author Mark YUV
DDC Edition Number 5454
Class No. 305
245 #0 - TITLE STATEMENT
Title Women, Citizenship and Difference
260 ## - PUBLICATION, DISTRIBUTION, ETC.
Place of publication, distribution, etc. New York
Name of publisher, distributor, etc. Zed Books Ltd
Date of publication, distribution, etc. 1999
300 ## - PHYSICAL DESCRIPTION
Extent (e.g. Volumes, Pages etc.) xii, 271 p.,
650 ## - SUBJECT ADDED ENTRY--TOPICAL TERM
Topical term or geographic name entry element Women
700 ## - ADDED ENTRY--PERSONAL NAME
Personal name Yuval-Davis, N
Relator term (Role) Editor
700 ## - ADDED ENTRY--PERSONAL NAME
Personal name Werbner, P
Relator term (Role) Editor
942 ## - Koha item type (Biblio)
Koha item type Books in Stacks (Lending)
Holdings
Lost status Damaged status Collection code Home library Current library Shelving location Date acquired Full call number Accession Number Item type
    Lending WERC Library WERC Library Social Science Cupboard 03/31/2024 305 WOM 5454 Books in Stacks (Lending)

© WERC Library